000 00577nam a2200145 a 4500
001 000026811
005 20200930030427.0
008 110325s1984 dr 000 0 spa d
040 _aDO-SdBNP
_bspa
_cBNPHU
111 1 _aSeminario internacional, reclamaciones en la construcción situaciones y soluciones
_d(1984:
_cSanto Domingo :
_n23-25 noviembre)
_953927
245 1 0 _aReclamaciones en la construcción situaciones y soluciones.
260 _a[Santo Domingo] :
_bColegio Dominicano de Ingenieros y Agrimensores (CODIA),
_c[1984?].
300 _a65 p. ;
_c28 cm.
049 _aBNPD
999 _c26303
_d26303